[Event "High Rated Tournament (1800+)"]
[Site "SchemingMind.com"]
[Date "2005.06.01"]
[Round "-"]
[White "Gordon"]
[Black "Chess Tiger"]
[Result "1-0"]
[WhiteCountry "ENG"]
[BlackCountry "GER"]
[WhiteElo "2083"]
[WhiteRD "63"]
[BlackElo "2154"]
[BlackRD "103"]
[GameID "16876"]

1. e4 c5 2. Nf3 e6 3. d4 cxd4 4. Nxd4 a6 5. Nc3 b5 6. Bd3 Bb7 7. O-O Qc7 8. Re1 b4 9. Nd5 exd5 10. exd5+ Kd8
11. Qf3 Nf6 12. Bg5 Qb6 13. c3 Kc8 14. Bxf6 Qxf6 15. Re8+ Kc7 16. Nf5 Nc6 17. Qg3+ Bd6 18. Nxd6 Qxd6 19. Qxd6+ Kxd6 20. Rxh8 Rxh8
21. dxc6 Bxc6 22. cxb4 Bb5 23. Bxb5 axb5 24. Rc1 Ke6 25. Kf1 d6 26. Ke2 h5 27. a3 Rh6 28. b3 Rg6 29. g3 h4 30. a4 hxg3
31. hxg3 Kd5 32. Rc7 Rg4 33. Rxf7 bxa4 34. bxa4 Rxb4 35. a5 g5 36. Rf5+ Kd4 37. Rxg5 Rb2+ 38. Kf3 Ra2 39. Rb5 d5 40. g4 Kc4
41. Rb7 Rxa5 42. g5 Ra6 43. Kf4 Ra2 44. f3 Rg2 45. Kf5 d4 46. f4 d3 47. Rd7 Kc3 48. g6 d2 49. Kf6 Rg4 50. f5 Rd4
51. Rxd4 Kxd4 52. g7 d1=Q 53. g8=Q Qb1 54. Qg4+ Ke3 55. Kg6 Kf2 56. Qf4+ Ke2 57. Kg5 Qb3 58. Qe4+ Kd1 59. f6 Qg8+ 60. Qg6 Qd5+
61. Kh6 Qd2+ 62. Kg7
1-0

[Event "High Rated Tournament (1800+)"]
[Site "SchemingMind.com"]
[Date "2005.06.01"]
[Round "-"]
[White "Chess Tiger"]
[Black "Gordon"]
[Result "1/2-1/2"]
[WhiteCountry "GER"]
[BlackCountry "ENG"]
[WhiteElo "2154"]
[WhiteRD "103"]
[BlackElo "2083"]
[BlackRD "63"]
[GameID "16877"]

1. e4 e6 2. d3 c5 3. Nf3 Nc6 4. g3 g6 5. Bg2 Bg7 6. O-O Nge7 7. c3 O-O 8. Re1 e5 9. a3 d6 10. b4 h6
11. Be3 b6 12. Nbd2 Be6 13. b5 Na5 14. d4 a6 15. bxa6 Rxa6 16. Qe2 Ra7 17. h3 f5 18. exf5 Bxf5 19. Rac1 Nd5 20. dxe5 dxe5
21. Nh4 Nxe3 22. Qxe3 Rd7 23. Ne4 Kh7 24. Qe2 Be6 25. Rcd1 Rff7 26. Nd2 Rd6 27. Ndf3 Bc4 28. Rxd6 Qxd6 29. Qe3 Re7 30. Nd2 Bf7
31. Nhf3 Rd7 32. Ne4 Qd3 33. Qc1 Nb3 34. Qb2 c4 35. Re3 Qd1+ 36. Re1 Qd3 37. Re3 Qd1+ 38. Re1 Qd3=
1/2-1/2

[Event "High Rated Tournament (1800+)"]
[Site "SchemingMind.com"]
[Date "2005.06.03"]
[Round "-"]
[White "Erhaem"]
[Black "Gordon"]
[Result "0-1"]
[WhiteCountry "NED"]
[BlackCountry "ENG"]
[WhiteElo "1874"]
[WhiteRD "73"]
[BlackElo "2159"]
[BlackRD "63"]
[GameID "17026"]

1. d4 Nf6 2. Nf3 e6 3. Bg5 c5 4. e3 h6 5. Bxf6 Qxf6 6. Nbd2 cxd4 7. Nxd4 a6 8. Bd3 d5 9. O-O Nc6 10. c3 Bd6
11. Nxc6 bxc6 12. Qa4 Bd7 13. Rfd1 O-O 14. Qg4 Rfb8 15. Rab1 Rb7 16. Qe2 c5 17. Qf3 Qxf3 18. Nxf3 Rab8 19. b3 a5 20. e4 a4
21. Bc2= Bc6 22. exd5 exd5 23. Ra1 Bc7 24. Re1 Ba5 25. Re3 f6 26. Rd1 Kf7 27. bxa4= Re7 28. Bg6+ Kf8 29. Rxe7 Kxe7 30. Re1+ Kd8
31. Re6 Rb6 32. Nh4 Bxc3 33. g4= d4 34. Be4 Bxe4 35. Rxb6 Kc7 36. Rb3 d3 37. Nf5 d2 38. Ne3 Bd4
0-1

[Event "High Rated Tournament (1800+)"]
[Site "SchemingMind.com"]
[Date "2005.06.03"]
[Round "-"]
[White "Erhaem"]
[Black "Chess Tiger"]
[Result "0-1"]
[WhiteCountry "NED"]
[BlackCountry "GER"]
[WhiteElo "1922"]
[WhiteRD "85"]
[BlackElo "2173"]
[BlackRD "87"]
[GameID "17027"]

1. d4 d5 2. c4 e6 3. g3 Nf6 4. cxd5 exd5 5. Nf3 Bd6 6. Nc3 c6 7. Bg2 O-O 8. O-O Re8 9. Qc2 Nbd7 10. Nh4 Nb6
11. a4 a5 12. Re1 Bb4 13. Bg5 h6 14. Bd2 Nc4 15. e3 Nxd2 16. Qxd2 Ne4 17. Bxe4 dxe4 18. Qe2 Qf6 19. Qh5 Bf8 20. Rec1 g6
21. Qe2 Bh3 22. d5= Rad8 23. dxc6 bxc6 24. Rd1 Rb8 25. Ng2 Rb4 26. Nf4 Bf5 27. Rd2 Reb8 28. Rad1 Qe7 29. Rc1 R8b6 30. Kh1 Bg7
31. g4 Bc8 32. Ncd5 Qg5 33. Nxb4 Bxg4 34. Qf1= Bf3+ 35. Ng2 Rxb4 36. b3 Rxb3 37. Rdc2 Be5 38. Rxc6 Qh5 39. Qg1 Rb2 40. Rc8+ Kg7
41. Rf1 Qh3 42. Rcc1 Qg4 43. Rc5 Bb8 44. Rxa5 h5
0-1

[Event "High Rated Tournament (1800+)"]
[Site "SchemingMind.com"]
[Date "2005.06.04"]
[Round "-"]
[White "Gordon"]
[Black "Erhaem"]
[Result "1-0"]
[WhiteCountry "ENG"]
[BlackCountry "NED"]
[WhiteElo "2193"]
[WhiteRD "62"]
[BlackElo "1914"]
[BlackRD "71"]
[GameID "17028"]

1. e4 c5 2. Nf3 d6 3. d4 cxd4 4. Nxd4 e6 5. c4 Nc6 6. Nc3 Nf6 7. Be2 Be7 8. O-O O-O 9. Be3 Nxd4 10. Qxd4 e5
11. Qd3 Be6 12. b3 a6 13. Rad1 Rc8 14. f4 Ng4 15. f5 Nxe3 16. Qxe3 Bd7 17. Nd5 Bf6 18. Rf3 Bc6 19. a4 Bxd5 20. Rxd5 Bg5
21. Qa7 Qe7 22. b4 Rfd8 23. a5 Rd7 24. Qf2 Bh4 25. g3 Bg5 26. Rc3 Rdd8 27. Bd1 Rc6 28. Ba4 Rcc8 29. Bb3 Qf6 30. Rcd3 Qh6
31. Kg2 Be7= 32. Qb6 Qh5 33. Qe3 Qg4 34. h3 Qh5 35. h4 g5 36. hxg5 Bxg5 37. Qe1 Be7 38. Rf3 Qg5 39. Qf2 Qf6= 40. Qb6 Rd7
41. c5 Rc6 42. Qa7 Rc8 43. b5 Rcd8 44. bxa6 bxa6 45. Qxa6 dxc5 46. Qxf6 Bxf6 47. Rxc5 Rd2+ 48. Kh3 R2d6 49. Bc4 R8d7 50. Rb3 Ra7
51. a6 Rdd7 52. Rcb5 Kg7 53. Rb7 Be7 54. R3b5 Rc7 55. Rxa7 Rxa7 56. Rxe5 f6 57. Re6 Bd8 58. Kh4 Ba5 59. Bd5 Bc3 60. Bb7 Kh6
61. Re8 Be5 62. Rxe5 fxe5 63. g4 Kg7 64. Kg5
1-0

[Event "High Rated Tournament (1800+)"]
[Site "SchemingMind.com"]
[Date "2005.06.04"]
[Round "-"]
[White "Chess Tiger"]
[Black "Erhaem"]
[Result "1-0"]
[WhiteCountry "GER"]
[BlackCountry "NED"]
[WhiteElo "2104"]
[WhiteRD "81"]
[BlackElo "1874"]
[BlackRD "73"]
[GameID "17029"]

1. e4 g6 2. d4 Bg7 3. Nc3 Nf6 4. Nf3 O-O 5. e5 Ng4 6. h3 Nh6 7. Bf4 f6 8. Bc4+ Nf7 9. Qe2 fxe5 10. Bxe5 Bh6
11. Nd5 d6 12. Bf4 e6 13. Bxh6 Nxh6 14. Nc3 d5 15. Bd3 Nc6 16. O-O-O Qd6 17. Nb5 Qe7 18. Rhe1 a6 19. Nc3 Qf6 20. Qe3 Qf4
21. Qxf4 Rxf4= 22. Bf1 Bd7 23. Rd2 Raf8 24. Ne2 R4f7 25. Ng3 Re7 26. b3 Ree8 27. c4 Nf5 28. Nxf5 Rxf5 29. Kb2 Ref8 30. a3 Rf4
31. Kc3 Re4 32. Rdd1 Ref4 33. Re3 a5= 34. b4 axb4+ 35. axb4 Ra8 36. b5 Ne7 37. Kb4 c6 38. g3 Rff8 39. Ne5 Be8 40. Rd2 Nf5=
41. Re1 cxb5 42. cxb5 Rc8 43. Ra1 Kh8= 44. h4 Rf6 45. Ra7 Nxg3 46. Bd3 Nh1 47. f3 Rf4 48. Ka5 Rxd4 49. Kb6 Kg7 50. Rxb7+ Kg8
51. h5 Ng3 52. hxg6 hxg6 53. Rh2 Nf5 54. Ng4 Rxg4 55. fxg4 Nd6 56. Re7 Nc4+ 57. Bxc4 dxc4 58. Kb7 Kf8 59. Rxe6 Bf7 60. Kxc8 Bxe6+
61. Kc7 Bd5 62. b6 Ke7 63. Rd2 Ba8 64. b7 Bxb7 65. Kxb7 Ke6 66. Rd4 g5 67. Rxc4 Ke5 68. Kc6
1-0

[Event "High Rated Tournament (1800+)"]
[Site "SchemingMind.com"]
[Date "2005.06.17"]
[Round "-"]
[White "phildo"]
[Black "Gordon"]
[Result "0-1"]
[WhiteCountry "BDI"]
[BlackCountry "ENG"]
[WhiteElo "1733"]
[WhiteRD "77"]
[BlackElo "2128"]
[BlackRD "59"]
[GameID "17929"]

1. e4 c5 2. Nf3 d6 3. d4 cxd4 4. Nxd4 Nf6 5. Nc3 g6 6. Be2 Bg7 7. Be3 O-O 8. O-O Nc6 9. f4 Qb6 10. Qd3 Ng4
11. Nd5 Bxd4 12. Bxg4 Bxe3+ 13. Qxe3 Qxb2 14. Bxc8 Rfxc8 15. Rab1 Qxc2 16. Rxb7 Qc5 17. Qxc5 dxc5 18. Nxe7+ Nxe7 19. Rxe7 Re8 20. Rc7 Rac8
21. Rxc8 Rxc8 22. Rc1 Kf8 23. Kf2 Ke7 24. Ke3 f6 25. g4 g5 26. e5 fxe5 27. fxe5 Ke6 28. Ke4 c4 29. Rc3 Rf8 30. Rxc4 Rf4+
31. Kd3 Rxc4 32. Kxc4 Kxe5 33. Kb5 Kf4 34. Ka6 Kxg4 35. Kxa7 Kh3 36. Kb7 Kxh2 37. a4 g4 38. a5 g3 39. a6 g2 40. a7 g1=Q
41. a8=Q Qg2+
0-1

[Event "High Rated Tournament (1800+)"]
[Site "SchemingMind.com"]
[Date "2005.06.17"]
[Round "-"]
[White "phildo"]
[Black "Chess Tiger"]
[Result "0-1"]
[WhiteCountry "BDI"]
[BlackCountry "GER"]
[WhiteElo "1714"]
[WhiteRD "92"]
[BlackElo "2154"]
[BlackRD "103"]
[GameID "17930"]

1. e4 c5 2. Nf3 e6 3. d4 cxd4 4. Nxd4 a6 5. Nc3 Qc7 6. Be3 b5 7. a3 Bb7 8. Be2 Nf6 9. f3 Nc6 10. O-O Bc5
11. Qd2 Ne5 12. Kh1 O-O 13. Rad1 Ng6 14. Nb3 Be7 15. Bf2 d5 16. exd5 Rad8 17. Qe3 Nxd5 18. Nxd5 Rxd5 19. c3 Rh5 20. h3 Nf4
21. Bg3 e5 22. Bxf4 exf4 23. Qd2 Qe5 24. Bd3 Qg5 25. Nd4 Bc5 26. Be4 Bc8 27. Rf2 Rd8 28. Qe1 Re8 29. Re2 Bxh3 30. gxh3 Rxh3+
31. Rh2 Rxh2+ 32. Kxh2 Bxd4
0-1

[Event "High Rated Tournament (1800+)"]
[Site "SchemingMind.com"]
[Date "2005.06.17"]
[Round "-"]
[White "phildo"]
[Black "Erhaem"]
[Result "0-1"]
[WhiteCountry "BDI"]
[BlackCountry "NED"]
[WhiteElo "1733"]
[WhiteRD "77"]
[BlackElo "1922"]
[BlackRD "85"]
[GameID "17931"]

1. e4 g6 2. Nc3 c5 3. Nf3 d6 4. Bc4 Nc6 5. d4 Bg7 6. Be3 cxd4 7. Nxd4 Nf6 8. O-O O-O 9. h3 Nxe4 10. Nxe4 d5
11. Bxd5 Qxd5 12. Nc3 Qd7 13. Nxc6 Qxc6 14. Nd5 Re8 15. c3 Be6 16. Nf4 Rad8 17. Qc2 Bf5 18. Qb3 e5 19. Ne2 Be4 20. f3 Bd5
21. Qc2 e4 22. f4 Bc4 23. Rfd1 Bd3 24. Qd2 Qf6 25. Nd4 a5 26. Rdc1 Rd5 27. c4 Rxd4 28. Bxd4 Qxd4+ 29. Kh1 Qxb2
0-1

[Event "High Rated Tournament (1800+)"]
[Site "SchemingMind.com"]
[Date "2005.06.17"]
[Round "-"]
[White "Gordon"]
[Black "phildo"]
[Result "1-0"]
[WhiteCountry "ENG"]
[BlackCountry "BDI"]
[WhiteElo "2128"]
[WhiteRD "59"]
[BlackElo "1733"]
[BlackRD "77"]
[GameID "17932"]

1. e4 Nf6 2. e5 Nd5 3. d4 d6 4. c4 Nb6 5. exd6 exd6 6. Nc3 Nc6 7. Be3 Bf5 8. Nf3 Be7 9. Be2 Bf6 10. O-O O-O
11. Rc1 Re8 12. b3 a6 13. Bd3 Qd7 14. Qc2 Bxd3 15. Qxd3 Nb4 16. Qb1 Qg4 17. Rfe1 Rad8 18. a3 Nc6 19. h3 Qg6 20. Qxg6 hxg6
21. Kf1 d5 22. c5 Nc8 23. Bf4 Nxd4 24. Nxd4 Bxd4 25. Bxc7 Rxe1+ 26. Rxe1 Bxc3 27. Bxd8 Bxe1 28. Kxe1 Kf8 29. Kd2 Ke8 30. Ba5 Ne7
31. Bc3 f6 32. f4 Nc6 33. Ke3 Ke7 34. g4 Kf7 35. b4 Ke6 36. Bd4 Ne7 37. Kd3 Nc6 38. Kc3 Ne7= 39. a4 Kd7 40. b5 axb5
41. axb5 Ng8 42. Bf2 Ne7 43. Kd4 Kc7 44. Be1 Kd7 45. Ba5 Kc8 46. c6 bxc6 47. Bb4 Kd7 48. b6
1-0

[Event "High Rated Tournament (1800+)"]
[Site "SchemingMind.com"]
[Date "2005.06.17"]
[Round "-"]
[White "Chess Tiger"]
[Black "phildo"]
[Result "1-0"]
[WhiteCountry "GER"]
[BlackCountry "BDI"]
[WhiteElo "2154"]
[WhiteRD "103"]
[BlackElo "1714"]
[BlackRD "92"]
[GameID "17933"]

1. e4 e5 2. Nf3 Nc6 3. Bb5 a6 4. Ba4 Nf6 5. d3 Bc5 6. O-O b5 7. Bb3 d6 8. c3 O-O 9. h3 h6 10. Re1 Qe7
11. d4 exd4 12. cxd4 Bb4 13. Nc3 Re8 14. e5 dxe5 15. dxe5 Nd7 16. Nd5 Qd8 17. Nxb4 Nxb4 18. a3 Nc6 19. e6 fxe6 20. Bxe6+ Kh8
21. Ng5 Rf8 22. Nf7+ Rxf7 23. Bxf7
1-0

[Event "High Rated Tournament (1800+)"]
[Site "SchemingMind.com"]
[Date "2005.06.17"]
[Round "-"]
[White "Erhaem"]
[Black "phildo"]
[Result "1/2-1/2"]
[WhiteCountry "NED"]
[BlackCountry "BDI"]
[WhiteElo "1922"]
[WhiteRD "96"]
[BlackElo "1714"]
[BlackRD "92"]
[GameID "17934"]

1. d4 Nf6 2. Nf3 e6 3. Bg5 d5 4. Nbd2 c5 5. e4 dxe4 6. Nxe4 Be7 7. Bxf6 Bxf6 8. Bb5+ Bd7 9. Bxd7+ Nxd7 10. Nd6+ Ke7
11. Nxb7 Qc7 12. Nxc5 Nxc5 13. dxc5 Bxb2 14. Qd6+ Qxd6 15. cxd6+ Kxd6 16. Rb1 Bc3+ 17. Ke2=
1/2-1/2

[Event "High Rated Tournament (1800+)"]
[Site "SchemingMind.com"]
[Date "2005.06.17"]
[Round "-"]
[White "Valverde"]
[Black "Gordon"]
[Result "1/2-1/2"]
[WhiteCountry "ESP"]
[BlackCountry "ENG"]
[WhiteElo "1854"]
[WhiteRD "85"]
[BlackElo "2229"]
[BlackRD "64"]
[GameID "17957"]

1. e4 c5 2. Nf3 d6 3. d4 cxd4 4. Nxd4 Nf6 5. Nc3 a6 6. Bg5 e6 7. f4 Be7 8. Qf3 Qc7 9. O-O-O Nbd7 10. g4 b5
11. Bxf6 Nxf6 12. g5 Nd7 13. f5 Bxg5+ 14. Kb1 Ne5 15. Qh5 Qe7 16. Nxe6 Bxe6 17. fxe6 g6 18. exf7+ Kxf7 19. Qh3 Kg7 20. Nd5 Qd8
21. Be2 Rf8 22. Rhg1 Ra7 23. Qa3 Bh4 24. Rg2 Bf2 25. Rf1 Raf7 26. Qh3 Qh4 27. Qxh4 Bxh4 28. Rxf7+ Rxf7 29. a4 bxa4 30. Ka2 Nd7
31. Bxa6 Nc5 32. Bb5 Nxe4 33. Rg4 Nf6 34. Nxf6 Bxf6 35. Rxa4 Be5 36. h3 Rf2 37. Bd3 Rh2 38. Ra7+ Kh6 39. b4 Rxh3 40. b5 Rh1
41. Kb3 Kg5 42. Kc4 h5 43. Kd5 Rb1 44. Kc6 h4 45. Rh7 Bd4 46. Kxd6 Bf2 47. Kc6=
1/2-1/2

[Event "High Rated Tournament (1800+)"]
[Site "SchemingMind.com"]
[Date "2005.06.17"]
[Round "-"]
[White "Valverde"]
[Black "Chess Tiger"]
[Result "0-1"]
[WhiteCountry "ESP"]
[BlackCountry "GER"]
[WhiteElo "1934"]
[WhiteRD "95"]
[BlackElo "2173"]
[BlackRD "87"]
[GameID "17958"]

1. e4 c5 2. Nf3 e6 3. d4 cxd4 4. Nxd4 a6 5. Bd3 Bc5 6. Nb3 Ba7 7. Qe2 Nc6 8. Be3 Nge7 9. Nc3 d6 10. O-O b5
11. a3 O-O 12. Rad1 e5 13. Nd5 Bxe3 14. Qxe3 Be6 15. f4 exf4 16. Qxf4 Ne5 17. Nxe7+ Qxe7 18. Nd4 Bg4 19. Rd2 Rac8 20. Be2 Bd7
21. c3 Rfe8 22. Bd1 Be6 23. a4 Qa7 24. axb5 axb5 25. Kh1 Qb8 26. Nxe6 fxe6 27. Qg3 Rf8 28. Rdf2 Rxf2 29. Qxf2 b4 30. Bb3 d5
31. cxb4 Qxb4 32. Qe3 Ng4 33. Qf3 Nf6 34. exd5 Rb8 35. Bd1 exd5 36. b3 Re8 37. Bc2 Qd2 38. Qd3 Re2 39. Qxd2 Rxd2 40. Bf5 g6
41. Be6+ Kg7 42. h3 h5 43. Rc1 Ne4 44. Kg1 h4 45. b4 Kf6 46. Bd7 Ke5 47. b5 Rb2 48. Bc6 Ng3 49. Re1+ Kd6 50. Rd1 Ne2+
51. Kf1 Nf4 52. Rd4 g5 53. Rd1 Kc5
0-1

[Event "High Rated Tournament (1800+)"]
[Site "SchemingMind.com"]
[Date "2005.06.17"]
[Round "-"]
[White "Valverde"]
[Black "Erhaem"]
[Result "1-0"]
[WhiteCountry "ESP"]
[BlackCountry "NED"]
[WhiteElo "1999"]
[WhiteRD "86"]
[BlackElo "1874"]
[BlackRD "73"]
[GameID "17959"]

1. e4 c5 2. Nf3 d6 3. d4 cxd4 4. Nxd4 e5 5. Bb5+ Bd7 6. Bxd7+ Qxd7 7. Nf5 Nc6 8. Nc3 O-O-O 9. O-O Nge7 10. Nxe7+ Bxe7
11. Nd5 f5 12. Be3 Kb8 13. b4 fxe4 14. b5 Na5 15. c4 b6 16. Qa4 Rc8 17. Bxb6 Nxc4 18. Be3 Nxe3 19. fxe3 Bg5 20. Qxe4 Qb7
21. Qd3 e4 22. Qxe4 Rc5 23. Rad1 Bxe3+ 24. Kh1 Bg5 25. Qe6 Rd8 26. Rf8 Qc8 27. Rxd8 Bxd8 28. Qxd6+ Ka8 29. a4 Rc1 30. Nb4 Bg5
31. Qd5+ Qb7 32. Rxc1 Qxd5 33. Nxd5 Bxc1 34. g4 Kb7 35. Kg2 a5 36. Kf3 Bh6 37. Ke4 Bc1 38. h4 Ba3 39. Kf5 Bc5 40. h5 Ba3
41. g5 Ka7 42. g6 hxg6+ 43. Kxg6 Bb2 44. Nf4 Kb7 45. Ne6 Be5 46. Nxg7 Bf4 47. h6 Bxh6 48. Kxh6 Kb6 49. Kg6
1-0

[Event "High Rated Tournament (1800+)"]
[Site "SchemingMind.com"]
[Date "2005.06.17"]
[Round "-"]
[White "Valverde"]
[Black "phildo"]
[Result "1-0"]
[WhiteCountry "ESP"]
[BlackCountry "BDI"]
[WhiteElo "1945"]
[WhiteRD "107"]
[BlackElo "1714"]
[BlackRD "92"]
[GameID "17960"]

1. e4 e5 2. Nf3 Nc6 3. Bb5 Bc5 4. c3 f5 5. d4 fxe4 6. Bxc6 exf3 7. Bxf3 exd4 8. O-O Nf6 9. Re1+ Be7 10. Qe2 d3
11. Qxd3 O-O 12. Bg5 d6 13. Qe2 Re8 14. Bxf6 gxf6 15. Bh5 Rf8 16. Qxe7
1-0

[Event "High Rated Tournament (1800+)"]
[Site "SchemingMind.com"]
[Date "2005.06.18"]
[Round "-"]
[White "Gordon"]
[Black "Valverde"]
[Result "1/2-1/2"]
[WhiteCountry "ENG"]
[BlackCountry "ESP"]
[WhiteElo "2173"]
[WhiteRD "63"]
[BlackElo "2012"]
[BlackRD "89"]
[GameID "17961"]

1. e4 e5 2. Nf3 Nc6 3. d4 exd4 4. c3 d5 5. exd5 Qxd5 6. cxd4 Bg4 7. Nc3 Bb4 8. Be2 Bxf3 9. Bxf3 Qc4 10. Qb3 Qxb3
11. axb3 Nge7 12. Be3 O-O 13. O-O-O Na5 14. Kc2 Rfd8 15. d5 Nc8 16. Bf4 Bd6 17. Bg5 f6 18. Bd2 b6 19. Nb5 Nb7 20. Rhe1 a5
21. Ra1 Na7 22. Nxd6 Nxd6 23. b4 Nf5 24. Be4 Nd4+ 25. Kc3 Nab5+ 26. Kc4 f5 27. Bd3 c6 28. dxc6 Rac8 29. bxa5 Rxc6+ 30. Kb4 bxa5+
31. Ka4 Nd6 32. Rec1 Rb6 33. Bc4+ Nxc4 34. Rxc4 Rxb2 35. Bc3 Rc2 36. Rxd4 Rxd4+ 37. Bxd4=
1/2-1/2

[Event "High Rated Tournament (1800+)"]
[Site "SchemingMind.com"]
[Date "2005.06.18"]
[Round "-"]
[White "Chess Tiger"]
[Black "Valverde"]
[Result "1-0"]
[WhiteCountry "GER"]
[BlackCountry "ESP"]
[WhiteElo "2173"]
[WhiteRD "87"]
[BlackElo "1934"]
[BlackRD "95"]
[GameID "17962"]

1. e4 e5 2. Nf3 Nc6 3. Bb5 f5 4. Nc3 fxe4 5. Nxe4 Nf6 6. Qe2 d5 7. Nxf6+ gxf6 8. d4 Bg7 9. dxe5 O-O 10. O-O Nxe5
11. Qe3 c6 12. Be2 Qb6 13. Qf4 Ng6 14. Qd2 f5 15. c4 Kh8 16. cxd5 cxd5 17. Qxd5 Be6 18. Qd3 Rac8 19. Be3 Qxb2 20. Rab1 Qxa2
21. Rxb7 Rfd8 22. Qb5 Rd5 23. Rxa7 Qxa7 24. Bxa7 Rxb5 25. Bxb5 Ra8 26. Bc5 Ra5 27. Nd4 Bc4 28. Rb1 Bxb5 29. Nxb5 f4 30. g3 h5
31. Kg2 fxg3 32. hxg3 h4 33. f4 hxg3= 34. Kxg3 Nxf4 35. Kxf4 Kh7 36. Ke4 Ra1 37. Rb3 Re1+ 38. Kd5 Re5+ 39. Kc6 Kg6 40. Nc7 Kf5
41. Rf3+ Ke4 42. Re3+ Kf5 43. Rg3 Bh6 44. Nd5 Bc1 45. Rg8 Ke4 46. Rg4+ Kf5 47. Rg1 Bd2 48. Rd1 Re2 49. Bd4 Ke4 50. Kc5 Ba5
51. Nf6+ Kf5 52. Kd5 Be1 53. Rd3 Bh4 54. Rf3+ Kg6 55. Ne4 Ra2 56. Rf8 Be7 57. Rf1 Rg2 58. Be5 Rg4 59. Ra1 Rg2 60. Ke6
1-0

[Event "High Rated Tournament (1800+)"]
[Site "SchemingMind.com"]
[Date "2005.06.19"]
[Round "-"]
[White "Erhaem"]
[Black "Valverde"]
[Result "0-1"]
[WhiteCountry "NED"]
[BlackCountry "ESP"]
[WhiteElo "1874"]
[WhiteRD "73"]
[BlackElo "1999"]
[BlackRD "86"]
[GameID "17963"]

1. d4 Nf6 2. Nf3 g6 3. c3 Bg7 4. Bg5 O-O 5. Nbd2 d6 6. e3 Nbd7 7. Bd3 e5 8. O-O Qe8 9. Qc2 h6 10. Bh4 Nd5
11. Rad1 N7b6 12. dxe5 dxe5 13. Rfe1 Be6 14. Nb3 Nd7 15. Rd2 a5 16. Red1 a4 17. Rc1 axb3 18. axb3 Nc5 19. Re1 Nxd3 20. Qxd3 f5
21. Qc2 e4 22. Nd4 Bf7 23. Qd1 c5 24. Ne2 Qc6 25. c4 Nb4 26. Nc1 Ra1 27. Rf1 Nd3 28. Qc2 Nxc1 29. Rxc1 Rxc1+ 30. Qxc1 b5
31. Be7 Rb8 32. cxb5 Rxb5 33. Rc2 Bxb3 34. Rxc5 Rxc5 35. Qxc5 Qxc5 36. Bxc5= Bxb2 37. Bd4 Bxd4 38. exd4 Bc4
0-1

[Event "High Rated Tournament (1800+)"]
[Site "SchemingMind.com"]
[Date "2005.06.18"]
[Round "-"]
[White "phildo"]
[Black "Valverde"]
[Result "0-1"]
[WhiteCountry "BDI"]
[BlackCountry "ESP"]
[WhiteElo "1733"]
[WhiteRD "77"]
[BlackElo "1934"]
[BlackRD "95"]
[GameID "17964"]

1. e4 e5 2. Nf3 Nc6 3. Bc4 Nf6 4. Ng5 d5 5. exd5 Na5 6. Bb5+ c6 7. dxc6 bxc6 8. Qf3 Rb8 9. Bxc6+ Nxc6 10. Qxc6+ Nd7
11. Ne4 Rb6 12. Qc3 Bb7 13. Qe3 f5 14. Nec3 Bxg2 15. Rg1 Bc5 16. Qe2 Rg6 17. d3 Qh4 18. Be3 Bf3 19. Qxf3 Rxg1+ 20. Kd2 Bxe3+
21. Qxe3 O-O 22. a4 e4
0-1

[Event "High Rated Tournament (1800+)"]
[Site "SchemingMind.com"]
[Date "2005.06.27"]
[Round "-"]
[White "agrillage"]
[Black "Valverde"]
[Result "1-0"]
[WhiteCountry "MLT"]
[BlackCountry "ESP"]
[WhiteElo "1975"]
[WhiteRD "80"]
[BlackElo "1854"]
[BlackRD "85"]
[GameID "18562"]

1. c4 Nf6 2. g3 g6 3. Bg2 Bg7 4. Nc3 O-O 5. d3 d6 6. Bg5 h6 7. Bd2 c5 8. Rb1 Nc6 9. a3 a5 10. Nf3 Rb8
11. O-O e5 12. Ne1 Re8 13. Nc2 Be6 14. Ne3 Nd4 15. Ned5 Nxd5 16. Nxd5 b5 17. e3 Nf5 18. b4 axb4 19. axb4 Ne7 20. Nxe7+ Rxe7
21. cxb5 Rxb5 22. Bc6 Rb6 23. b5 Ra7 24. Ra1 Rxa1 25. Qxa1 Rxc6 26. bxc6 Qc8 27. Qa4 Bd5 28. e4 Bxc6 29. Qa7 Qb7 30. Qxb7 Bxb7
31. Ra1 Bf8 32. Rb1 Ba6 33. Rb8 g5 34. Ba5 Bxd3 35. Bc7 Kg7 36. f3 c4 37. Rd8 c3 38. Bxd6 Bxd6 39. Rxd6 c2 40. Rc6 g4
41. Kf2 gxf3 42. Kxf3 f5 43. exf5 Bxf5 44. g4 Bd3 45. Ke3 e4 46. h3 Kf7= 47. h4 Ke7 48. Kf4 Kd7 49. Rc3 Ke6 50. Ke3
1-0

[Event "High Rated Tournament (1800+)"]
[Site "SchemingMind.com"]
[Date "2005.06.27"]
[Round "-"]
[White "agrillage"]
[Black "Gordon"]
[Result "0-1"]
[WhiteCountry "MLT"]
[BlackCountry "ENG"]
[WhiteElo "1969"]
[WhiteRD "80"]
[BlackElo "2193"]
[BlackRD "62"]
[GameID "18563"]

1. c4 Nf6 2. g3 g6 3. Bg2 Bg7 4. Nc3 O-O 5. d3 c6 6. e4 e5 7. Nge2 d6 8. O-O a6 9. h3 b5 10. Be3 Nbd7
11. b3 Bb7 12. f4 exf4 13. gxf4 b4 14. Na4 Nh5 15. Rc1 c5 16. f5 Qe7 17. Qd2 Bf6 18. Bh6 Rfe8 19. Nf4 Bd4+ 20. Kh2 Be5
21. Kg1 Ng3 22. Rf3 Qh4 23. fxg6 hxg6 24. Nd5 Ne2+ 25. Qxe2 Qxh6 26. Rcf1 Bxd5 27. cxd5 f6 28. Nb2 Nb6 29. Kh1 Qg5 30. Nc4= Nxc4
31. dxc4 Kg7 32. Qe3 Qxe3 33. Rxe3 Rh8 34. Rd3 a5 35. Rfd1 a4 36. R3d2 axb3 37. axb3 Ra3 38. Rb1 Rh4 39. Kg1 Rf4 40. Rc2 Kh6
41. Re2 Kg5 42. Rd2 Kh4 43. Re2 Bd4+ 44. Kh2 Rf2 45. Rxf2 Bxf2 46. Bf1 Bd4 47. Bg2 Be5+ 48. Kg1 Kg3 49. Rd1 Rxb3 50. Kf1 Rc3
0-1

[Event "High Rated Tournament (1800+)"]
[Site "SchemingMind.com"]
[Date "2005.06.27"]
[Round "-"]
[White "agrillage"]
[Black "Chess Tiger"]
[Result "0-1"]
[WhiteCountry "MLT"]
[BlackCountry "GER"]
[WhiteElo "1947"]
[WhiteRD "86"]
[BlackElo "2104"]
[BlackRD "81"]
[GameID "18564"]

1. c4 e6 2. g3 d5 3. Bg2 Nf6 4. Nf3 b6 5. O-O Bb7 6. d4 Be7 7. Nc3 O-O 8. cxd5 exd5 9. Bf4 Na6 10. Ne5 Qc8
11. Bg5 Rd8 12. e3 c5 13. Qf3 Qe6 14. Rfd1 Ne4 15. Bxe7 Qxe7 16. Rac1 Nc7 17. Qh5 Rac8 18. Ne2 Ne6 19. Nd3 c4 20. Ndf4 Nxf4
21. Nxf4 Qb4 22. Bxe4 dxe4 23. Qg4 h6 24. Nh5 Qf8 25. Rc3 f5 26. Qe2 Qf7 27. h4 b5 28. Rdc1 Rf8 29. Nf4 g5 30. hxg5 hxg5
31. Nh5 Rc6 32. Kg2 Rh6 33. Rh1 f4 34. Qg4 fxe3 35. fxe3 Qf2+ 36. Kh3 Bc8
0-1

[Event "High Rated Tournament (1800+)"]
[Site "SchemingMind.com"]
[Date "2005.06.27"]
[Round "-"]
[White "agrillage"]
[Black "Erhaem"]
[Result "1-0"]
[WhiteCountry "MLT"]
[BlackCountry "NED"]
[WhiteElo "1969"]
[WhiteRD "80"]
[BlackElo "1914"]
[BlackRD "71"]
[GameID "18565"]

1. c4 Nc6 2. g3 Nf6 3. Bg2 e5 4. Nc3 g6 5. e4 Bc5 6. Nge2 d6 7. d3 Bg4 8. h3 Bxe2 9. Nxe2 O-O 10. Bg5 Bb4+
11. Nc3 Nd4 12. O-O Bxc3 13. bxc3 Ne6 14. Bh6 Re8 15. d4 Nd7 16. f4 exf4 17. Bxf4 Nb6 18. Bh6 Nxc4 19. Rf2 Qd7 20. Qd3 b5
21. Raf1 Nd8 22. Qf3 Qe7 23. Qg4 Qe6 24. Qh4 c6 25. Bg5 Nb6 26. Rf6 Qxa2 27. Qh6 Qe2= 28. Bf3 Qd3 29. Rf4 Qxc3 30. Bf6 Qe3+
31. Rf2 Ne6 32. d5 cxd5 33. exd5 Qe1+ 34. Kg2
1-0

[Event "High Rated Tournament (1800+)"]
[Site "SchemingMind.com"]
[Date "2005.06.27"]
[Round "-"]
[White "agrillage"]
[Black "phildo"]
[Result "1-0"]
[WhiteCountry "MLT"]
[BlackCountry "BDI"]
[WhiteElo "1916"]
[WhiteRD "87"]
[BlackElo "1733"]
[BlackRD "77"]
[GameID "18566"]

1. c4 e5 2. g3 Nc6 3. Bg2 d6 4. Nc3 f5 5. d3 Nf6 6. e4 Be7 7. Nge2 O-O 8. O-O a6 9. exf5 Bxf5 10. a3 Qd7
11. Nd5 Nxd5 12. Bxd5+ Be6 13. Nc3 Bxd5 14. Nxd5 Nd8 15. Be3 Ne6 16. Qg4 Rae8 17. Nxc7 Qxc7 18. Qxe6+ Kh8 19. Qd5 Qc6 20. Qxc6 bxc6
21. b4 Rb8 22. Rfe1 Kg8 23. Rab1 Bf6 24. a4 Rf7 25. b5 axb5 26. cxb5 cxb5 27. a5 Bd8 28. a6 Ra8 29. Ra1 d5 30. Bc5 Rc7
31. d4 exd4 32. Re8+ Kf7 33. Rf8+ Kg6 34. Bxd4 Rf7 35. Re8 Re7= 36. Rg8
1-0